banner-ar

INDIAN NEIGHBORS OF OUR UNITED STATES SETTLERS / (Record no. 10856)

MARC details
000 -الفاتح
حقل البيانات ثابتة الطول 00403nam a2200145Ia 4500
008 - عناصر البيانات ثابتة الطول - معلومات عامة
حقل البيانات ثابتة الطول 140319s9999 xx 000 0 eng d
040 ## - مصدر الفهرسة
وكالة الفهرسة الأصلية GCL /
وكالة النسخ GCL
082 04 - رقم تصنيف ديوى العشرى
رقم التصنيف 954
رقم المادة S I
100 1# - المدخل الرئيسى - إسم شخصى
الإسم الشخصى SMITH, HARRIET
245 10 - بيان العنوان
العنوان INDIAN NEIGHBORS OF OUR UNITED STATES SETTLERS /
بيان المسئوليه,etc SMITH, HARRIET
260 ## - PUBLICATION, DISTRIBUTION, ETC. (IMPRINT)
تاريخ النشر أو التوزيع 1960
650 04 - المدخل الاضافى بالموضوع-مصطلح موضوعى
مصطلح موضوعي INDIA
942 ## - عناصر المدخل الإضافي( كوها)
مصدر التصنيف او مخطط الترفيف Dewey Decimal Classification
Koha [default] item type كتاب
260 ## - PUBLICATION, DISTRIBUTION, ETC. (IMPRINT)
-- [S.N] :
-- CHICAGS NATURAL HISTORY MUSEUM ،
Holdings
حالة التراجع حالة الفقد حالة تلف ليس للاعارة المكان المؤقت الموقع الحالى تاريخ الاكتساب اجمالي اﻻعارات رقم الطلب الباركود تاريخ اخر مشاهدة تاريخ تفعيل السعر نوع وعاء كوها
        مكتبة القاهرة الكبرى مكتبة القاهرة الكبرى 03/26/2014   954\S I 21774 03/26/2014 03/26/2014 كتاب

Powered By

EGPV